000 00897nam a2200277 i 4500
003 DO-SdBNP
005 20260525105942.0
007 ta
008 260525b2025 dr d|||| |||| 00| 0 spa d
020 _a9789945224412
040 _aDO-SdBNP
_bspa
_cBNPHU
_erda
041 _aspa
082 4 _axxx
_bxxx
_222
100 1 _aFéliz C., José V.
_eautor
_4aut.
_989721
245 1 0 _aHistoria y situación forestal de la República Dominicna /
_cJosé V. Féliz C.
264 1 _aSanto Domingo :
_bEditora Búho,
_c2025.
300 _a138 páginas :
_bgráficos ;
_c23 cm.
336 _atexto
_btxt
_2rdacontent
337 _asin mediación
_bn
_2rdamedia
338 _avolumen
_bnc
_2rdacarrier
500 _aIncluye datos biográficos del autor en la solapa de la cubierta
504 _aBibliografía : páginas 137-138
590 _aInventariado, 2026/BT
910 _aBtavárez
942 _2ddc
_cLBS1
999 _c60813
_d60813